| 000 | 02987nam a2200361 i 4500 | ||
|---|---|---|---|
| 999 |
_c65500 _d65500 |
||
| 001 | 768714001 | ||
| 003 | CO-MdFUSB | ||
| 005 | 20200420140035.0 | ||
| 007 | ta | ||
| 008 | 200324t2008 ilua|||| |||| 00| 0 eng d | ||
| 020 | _a9780830825684 | ||
| 040 |
_aCO-MdFUSB _bspa _cCO-MdFUSB _dCO-MdFUSBC _erda |
||
| 041 | _aeng | ||
| 082 |
_223 _a232.901 _bB154 |
||
| 100 |
_aBailey, Kenneth E. _d1930- _eautor |
||
| 240 | _aJesús a través de los ojos del Medio Oriente : estudios culturales de los evangelios | ||
| 245 | 1 |
_aJesus through Middle Eastern eyes : _bcultural studies in the Gospels _c/ Kenneth E. Bailey |
|
| 264 | 1 |
_aIllinois : _bInterVarsity Press, _c[2008] |
|
| 264 | 4 | _c© 2008 | |
| 300 |
_a443 páginas _c; 23 cm |
||
| 336 |
_2rdacontent _atexto _btxt |
||
| 337 |
_2rdamedia _asin mediación _bn |
||
| 338 |
_2rdacarrier _avolumen _bnc |
||
| 500 | _aColección Dawn Christina Harrel | ||
| 505 | _aEl nacimiento de Jesús. -- La historia del nacimiento de Jesús: Lucas 2: 1-20; La genealogía y José el Justo: Mateo 1: 1-21; El Salvador, los sabios y la visión de Isaías: Mateo 2: 1-12, Isaías 60: 1-7; Las atrocidades de Herodes, Simeón y Ana: Mateo 2: 13-18, Lucas 2: 22-36. -- Las Bienaventuranzas. Las Bienaventuranzas 1: Mateo 5: 1-5; Las Bienaventuranzas 2: Mateo 5: 6-12 - La oración del Señor. La Oración del Señor: Dios nuestro Padre: Mateo 6: 5-9; La oración del Señor: la santidad de Dios: Mateo 6: 9; La oración del Señor: el reino de Dios y nuestro pan: Mateo 6: 10-11; La Oración del Señor: nuestros pecados y maldad: Mateo 6: 12-13 -Acciones dramáticas de Jesús. El llamado de Pedro: Lucas 5: 1-11; La inauguración del ministerio de Jesús: Lucas 4: 16-31; El ciego y Zaqueo: Lucas 18: 35-19: 11 -- Jesús y las mujeres. Jesús y las mujeres, una introducción; La mujer en el pozo: Juan 4: 1-42; La mujer sirofenicia: Mateo 15: 21-28; La dama no es para lapidar: Juan 7: 53-8: 11; La mujer en la casa de Simón el fariseo: Lucas 7: 36-50; La parábola de la viuda y el juez: Lucas 18: 1-8; La parábola de las jóvenes sabias y necias: Mateo 25: 1-13. -- Parábolas de Jesús. Introducción a las parábolas; La parábola del buen samaritano: Lucas 10: 25-37; La parábola del rico necio: Lucas 12: 13-21; La parábola del gran banquete: Lucas 14: 15-24; La parábola de los dos constructores: Lucas 6: 46-49; La parábola del mayordomo injusto: Lucas 16: 1-8; La parábola del fariseo y el recaudador de impuestos: Lucas 18: 9-14; La parábola del empleador compasivo: Mateo 20: 1-16; La parábola del maestro que sirve: Lucas 12: 35-38; La parábola de Lázaro y el hombre rico: Lucas 16: 19-30; La parábola de las libras: Lucas 19: 11-27; La parábola del noble dueño de la viña y su hijo: Lucas 20: 9-18. | ||
| 563 | _aTapa dura | ||
| 600 | 7 |
_aJesucristo _xCultura |
|
| 600 | 0 | 7 |
_aJesucristo _xHistoricidad |
| 653 | _aContexto cultural | ||
| 942 | _cBK | ||
| 945 |
_aJTF-925 _bAEM-53 |
||